Вопросы атомной науки и техники: научно-технический сборник

Bibliografiske detaljer
Institution som forfatter: Гидропресс
Andre forfattere: Драгунов Ю. Г. (редактор)
Summary:Представлены доклады российских специалистов на международных конференциях "ICONE-11" (Токио, апрель 2003 г.) и «Атомная энергия и топливные циклы» (Москва-Димитровград, декабрь 2003 г.), посвященные результатам научно-исследовательских, расчетно-экспериментальных, проектных и опытно-конструкторских работ в обоснование создания АЭС с опытно-демонстрационным быстрым реактором со свинцовым теплоносителем (БРЕСТ-ОД-300) и пристанционным топливным циклом. Эти работы связаны с разработкой инновационных ядерных технологий для будущей крупномасштабной ядерной энергетики и направлены на реализацию Инициативы Президента Российской Федерации по энергетическому обеспечению устойчивого развития человечества, кардинальному решению проблем нераспространения ядерного оружия и экологическому оздоровлению планеты.
Sprog:russisk
Udgivet: Москва, Изд-во ГУП НИКИЭТ, 2004
Serier:Обеспечение безопасности АЭС
Fag:
Format: MixedMaterials Bog
KOHA link:https://koha.lib.tpu.ru/cgi-bin/koha/opac-detail.pl?biblionumber=77058

MARC

LEADER 00000nam0a2200000 4500
001 77058
005 20231101212918.0
010 |a 5987060079 
035 |a (RuTPU)RU\TPU\book\82637 
090 |a 77058 
100 |a 20050512d2004 k y0rusy50 ca 
101 0 |a rus 
102 |a RU 
105 |a a z 001zy 
200 1 |a Вопросы атомной науки и техники  |e научно-технический сборник  |f Гидропресс ; под ред. Ю. Г. Драгунов 
210 |a Москва  |c Изд-во ГУП НИКИЭТ  |d 2004 
215 |a 258 с.  |c ил. 
225 1 |a Обеспечение безопасности АЭС  |h Вып. 4  |i Ядерные технологии для энергетики будущего 
320 |a Библиография в конце глав. 
330 |a Представлены доклады российских специалистов на международных конференциях "ICONE-11" (Токио, апрель 2003 г.) и «Атомная энергия и топливные циклы» (Москва-Димитровград, декабрь 2003 г.), посвященные результатам научно-исследовательских, расчетно-экспериментальных, проектных и опытно-конструкторских работ в обоснование создания АЭС с опытно-демонстрационным быстрым реактором со свинцовым теплоносителем (БРЕСТ-ОД-300) и пристанционным топливным циклом. Эти работы связаны с разработкой инновационных ядерных технологий для будущей крупномасштабной ядерной энергетики и направлены на реализацию Инициативы Президента Российской Федерации по энергетическому обеспечению устойчивого развития человечества, кардинальному решению проблем нераспространения ядерного оружия и экологическому оздоровлению планеты. 
610 1 |a атомная энергетика 
610 1 |a ядерные реакторы 
610 1 |a ядерные технологии 
610 1 |a АЭС 
610 1 |a атомные электростанции 
610 1 |a теплогидравлические исследования 
610 1 |a уран-плутониевое топливо 
610 1 |a теплоносители 
610 1 |a конструкционные материалы 
610 1 |a топливный цикл 
610 1 |a экологическая безопасность 
675 |a 621.039  |v 3 
675 |a 621.311.25:621.039  |v 3 
702 1 |a Драгунов  |b Ю. Г.  |4 340 
712 0 2 |a Гидропресс  |c Опытное конструкторское бюро  |c (Подольск)  |2 stltpush  |3 (RuTPU)RU\TPU\col\14049  |9 25870 
801 1 |a RU  |b 63413507  |c 20050512  |g PSBO 
801 2 |a RU  |b 63413507  |c 20091211  |g PSBO 
900 |a Правовые и международные аспекты нераспространения 
942 |c BK